Library Banner

Political dialogue (Record no. 46675)

MARC details
000 -LEADER
fixed length control field 00491nam a2200181Ia 4500
001 - CONTROL NUMBER
control field 48883
008 - FIXED-LENGTH DATA ELEMENTS--GENERAL INFORMATION
fixed length control field 140430s9999 xx 000 0 und d
020 ## - INTERNATIONAL STANDARD BOOK NUMBER
International Standard Book Number 9051839979
040 ## - CATALOGING SOURCE
Transcribing agency PK-LaUMT
082 ## - DEWEY DECIMAL CLASSIFICATION NUMBER
Classification number R 320.01
Item number POL-
100 ## - MAIN ENTRY--PERSONAL NAME
Personal name Esquith, Stephen L.
245 ## - TITLE STATEMENT
Title Political dialogue
Remainder of title theories and practices
Statement of responsibility, etc Esquith, Stephen L.
260 ## - PUBLICATION, DISTRIBUTION, ETC. (IMPRINT)
Place of publication, distribution, etc Amsterdam,Neitherland:
Name of publisher, distributor, etc Rodopi B. V.,
Date of publication, distribution, etc 1996
300 ## - PHYSICAL DESCRIPTION
Extent 355 p.
546 ## - LANGUAGE NOTE
Language note EN
650 ## - SUBJECT ADDED ENTRY--TOPICAL TERM
Topical term or geographic name as entry element Political science-Philosophy
942 ## - ADDED ENTRY ELEMENTS (KOHA)
Koha item type Books
Holdings
Withdrawn status Lost status Damaged status Not for loan Home library Current library Date acquired Total Checkouts Full call number Barcode Date last seen Price effective from Koha item type
        UMT Main Campus UMT Main Campus 2014-04-30   R 320.01 POL- 58287 2014-05-06 2014-05-06 Books